Statistics for Greek Letter By Symbol

Click here to take the quiz!

General Stats

  • This quiz has been taken 393 times
  • The average score is 21 of 24

Answer Stats

Answer% Correct
Beta
97%
Zeta
97%
Alpha
95%
Pi
95%
Omega
94%
Delta
93%
Epsilon
92%
Mu
91%
Sigma
91%
Kappa
90%
Theta
88%
Omicron
87%
Tau
87%
Lambda
86%
Nu
86%
Phi
85%
Psi
85%
Rho
85%
Iota
84%
Gamma
83%
Chi
80%
Upsilon
79%
Xi
77%
Eta
76%

Score Distribution

Percentile by Number Answered

Percent of People with Each Score

Your Score History

You have not taken this quiz